书目信息 |
| 题名: |
考研数学必做客观题1500题精析
|
|
| 作者: | 蔡子华 主编 | |
| 分册: | ||
| 出版信息: | 北京 原子能出版社 2007.03 |
|
| 页数: | 356页 | |
| 开本: | 26cm | |
| 丛书名: | ||
| 单 册: | ||
| 中图分类: | O13-44 | |
| 科图分类: | ||
| 主题词: | 高等数学 | |
| 电子资源: | ||
| ISBN: | 7-5022-3878-0 | |
| 000 | 00656 nam 000229 | |
| 001 | 0100004228 | |
| 005 | 20100507144956.71 | |
| 010 | @a7-5022-3878-0@dCNY30.00 | |
| 100 | @a20071029d2007 em y0chiy0121 ea | |
| 101 | @achi | |
| 102 | @aCN@b110000 | |
| 105 | @ay z 000yy | |
| 106 | @ar | |
| 200 | 10 | @a考研数学必做客观题1500题精析@9kao yan shu xue bi zuo ke guan ti 1500 ti jing xi@f蔡子华主编@Fcai zi hua zhu bian |
| 210 | @a北京@c原子能出版社@d2007.03 | |
| 215 | @a356页@d26cm | |
| 606 | @a高等数学 | |
| 690 | @aO13-44@v4 | |
| 701 | 0 | @a蔡子华@9cai zi hua@4主编 |
| 801 | @aCN@c20100507 | |
| 901 | @a000006 | |
| 905 | @b645078-80@dO13-44@eC0717@f3 | |
| 考研数学必做客观题1500题精析/蔡子华主编.-北京:原子能出版社,2007.03 |
| 356页;26cm |
| ISBN 7-5022-3878-0:CNY30.00 |
| ● |
| 相关链接 |
|
|
|
正题名:考研数学必做客观题1500题精析
索取号:O13-44/C0717
 
预约/预借
| 序号 | 登录号 | 条形码 | 馆藏地/架位号 | 状态 | 备注 |
| 1 | 645078 | 206450785 | 自科库401/401自科库 108排7列6层/ [索取号:O13-44/C0717] | 在馆 | |
| 2 | 645079 | 206450794 | 自科库401/401自科库 108排7列6层/ [索取号:O13-44/C0717] | 在馆 |